MARC

LEADER 00000nam0a2200000 4500
001 20058
005 20231101205329.0
035 |a (RuTPU)RU\TPU\book\20235 
035 |a BOOK00020305 
090 |a 20058 
100 |a 20011209d1965 km y0rusy50 ca 
101 1 |a rus  |c ger 
102 |a RU 
105 |a y z 000zb 
200 1 |a Фихте  |e пер. с нем.  |f М. Бур 
210 |a Москва  |c Мысль  |d 1965 
215 |a 166 с. 
600 1 |a Фихте  |g Иоганн Готлиб  |b И. Г.  |c немецкий философ  |f 1762 - 1814  |2 stltpui  |3 (RuTPU)RU\TPU\pers\944 
606 1 |a Немецкая философия  |z 17 - 1 пол. 19 в.  |2 stltpush  |3 (RuTPU)RU\TPU\subj\45372  |9 64616 
610 1 |a философия 
610 1 |a 18 век 
610 1 |a 19 век 
610 1 |a идеализм 
686 |a Ю3(4Г)5  |v LBC/SL-A  |2 rubbk 
700 1 |a Бур  |b М.  |g Манфред 
801 0 |a RU  |b 63413507  |c 20011209  |g PSBO 
801 2 |a RU  |b 63413507  |c 20141111  |g PSBO 
942 |c BK